<?xml version="1.0" encoding="UTF-8"?>
<marc:record xmlns:marc="http://www.loc.gov/MARC21/slim">
   <marc:leader>00000nam a2200000 a 4500</marc:leader>
   <marc:datafield ind1="1" ind2=" " tag="100">
      <marc:subfield code="a">Hobert, Ingfried</marc:subfield>
      <marc:subfield code="4">aut</marc:subfield>
      <marc:subfield code="e">Verfasser/-in</marc:subfield>
   </marc:datafield>
   <marc:datafield ind1="1" ind2=" " tag="100">
      <marc:subfield code="a">Zitzer, Svenja</marc:subfield>
      <marc:subfield code="4">aut</marc:subfield>
      <marc:subfield code="e">Verfasser/-in</marc:subfield>
   </marc:datafield>
   <marc:datafield ind1=" " ind2=" " tag="653">
      <marc:subfield code="a">Ethnomedizin</marc:subfield>
   </marc:datafield>
   <marc:datafield ind1=" " ind2=" " tag="653">
      <marc:subfield code="a">Volksheilmittel</marc:subfield>
   </marc:datafield>
   <marc:datafield ind1=" " ind2=" " tag="653">
      <marc:subfield code="a">Ganzheitliche Medizin</marc:subfield>
   </marc:datafield>
   <marc:datafield ind1=" " ind2=" " tag="653">
      <marc:subfield code="a">Kräuterheilkunde</marc:subfield>
   </marc:datafield>
   <marc:datafield ind1=" " ind2=" " tag="653">
      <marc:subfield code="a">Naturheilkunde</marc:subfield>
   </marc:datafield>
   <marc:datafield ind1=" " ind2=" " tag="653">
      <marc:subfield code="a">Traditionelle Chinesische Medizin</marc:subfield>
   </marc:datafield>
   <marc:datafield ind1=" " ind2=" " tag="653">
      <marc:subfield code="a">alternative Heilverfahren</marc:subfield>
   </marc:datafield>
   <marc:datafield ind1=" " ind2=" " tag="653">
      <marc:subfield code="a">Softcover / Medizin/Ganzheitsmedizin</marc:subfield>
   </marc:datafield>
   <marc:datafield ind1="0" ind2="0" tag="245">
      <marc:subfield code="a">Die Ethno-Health-Apotheke</marc:subfield>
   </marc:datafield>
   <marc:datafield ind1="0" ind2="0" tag="245">
      <marc:subfield code="b">die besten Heilpflanzenrezepturen unserer Erde : Indikationen, Anwendung, Wirkungen</marc:subfield>
   </marc:datafield>
   <marc:datafield ind1="0" ind2="0" tag="245">
      <marc:subfield code="c">Dr. med. Ingfried Hobert, Svenja Zitzer</marc:subfield>
   </marc:datafield>
   <marc:datafield ind1=" " ind2="1" tag="264">
      <marc:subfield code="a">Petersberg</marc:subfield>
      <marc:subfield code="b">Verlag Via Nova</marc:subfield>
      <marc:subfield code="c">2017</marc:subfield>
   </marc:datafield>
   <marc:datafield ind1=" " ind2=" " tag="250">
      <marc:subfield code="a">1. Auflage</marc:subfield>
   </marc:datafield>
   <marc:datafield ind1="1" ind2=" " tag="520">
      <marc:subfield code="a">Angaben aus der Verlagsmeldung

Die Ethno Health-Apotheke : Die besten Heilpflanzenrezepturen unserer Erde - Indikationen, Anwendung, Wirkungen / von Ingfried Hobert, Svenja Zitzer

Was der Ethnomediziner Dr. Ingfried Hobert in langjähriger Arbeit in diesem Buch zusammengefasst hat, ist wirklich einmalig: Aus der „Natur-Schatzkiste“ unseres Planeten hat er das traditionelle Heilwissen der Völker und Kulturen aus allen Zeiten und Kontinenten zusammengetragen und mit Hilfe modernster wissenschaftlicher Methoden und ausgewählter Spezialisten nach heutigem Stand geprüft. Das Ergebnis ist phänomenal: hocheffektive Heilpflanzenmischungen und vielfältige Rezepturen aus den verschiedensten Regionen der Welt, die wirklich helfen. Ein einzigartiges Heilwissensbuch, das uns auf ganz natürliche Weise in allen Bereichen unseres Lebens wirkungsvoll unterstützen kann. Diese genialen Rezepturen stärken die Lebenskräfte, regen die Selbstheilungsprozesse an, schenken Heilung, strahlende Gesundheit und Transformation. Dieses Buch gehört wie die Hausapotheke eigentlich in jeden Haushalt! Das Vorwort hat Dr. Rüdiger Dahlke geschrieben.
</marc:subfield>
   </marc:datafield>
   <marc:datafield ind1=" " ind2=" " tag="020">
      <marc:subfield code="a">9783866163980</marc:subfield>
      <marc:subfield code="9">9783866163980</marc:subfield>
   </marc:datafield>
   <marc:datafield ind1=" " ind2=" " tag="020">
      <marc:subfield code="a">3866163983</marc:subfield>
      <marc:subfield code="9">3866163983</marc:subfield>
   </marc:datafield>
   <marc:datafield ind1=" " ind2=" " tag="041">
      <marc:subfield code="a">ger</marc:subfield>
   </marc:datafield>
   <marc:datafield ind1=" " ind2=" " tag="300">
      <marc:subfield code="a">316 Seiten</marc:subfield>
   </marc:datafield>
</marc:record>
